Statistiques concernant Quiz sur le Cap-Vert

Cliquez ici pour prendre le quiz!

Statistiques générales

  • Ce quiz a été pris 1 837 fois
  • Le résultat moyen est 10 sur 16

Statistiques - réponses

QuestionRéponse% Correct
Religion principale du paysCatholicisme
93%
Langue officiellePortugais
93%
Pays le plus proche sur le continent africainSénégal
93%
Jusqu'au XIXème siècle, le Cap-Vert était le théâtre de ce commerce cruelCommerce triangulaire
83%
Capitale et plus grande villePraia
78%
Langue la plus parlée{Créole} du Cap-Vert
76%
Plus grande île, qui partage son nom avec une capitale d'Amérique du SudSantiago
72%
Seul pays africain qui est moins peuplé que le Cap-Vert, avec les SeychellesSao Tomé-et-Principe
66%
Nom du Cap-Vert dans cette langue, notamment utilisé par l'ONU{Cabo} Verde
62%
Naturaliste anglais qui a visité le Cap-Vert en 1832Charles Darwin
53%
Monnaie qui devrait remplacer celle-ci au Cap-Vert
et dans 14 autres pays d'Afrique de l'Ouest
Eco
47%
Chanteuse surnomée « Reine de morna », dont le nom évoque une
ville du sud du Portugal, qui est célèbre dans le monde entier
Césaria {Évora}
46%
Joueur de football français, capitaine des Bleus de 2004 à 2009,
qui est né au Sénégal d'une famille cap-verdienne en 1976
Patrick Vieira
34%
Devise monétaire actuelleEscudo
33%
Corsaire anglais qui a attaqué le Cap-Vert en 1585Francis Drake
20%
Groupe d'îles auquel l'archipel du Cap-Vert appartient,
avec Madère, les Açores et les Îles Canaries
{Macaro}nésie
19%

Distribution des résultats

Percentile par nombre de réponses

% des personnes avec chaque résultat

Votre développement - résultats

Vous n’avez pas pris ce quiz